Prechodné obdobia pre nové členské štáty po rozšírení EÚ v roku 2004 a pristupujúce štáty

Jedným zo základných princípov platných v Európskej únii je tzv. princíp solidarity ekonomicky vyspelejších krajín s menej vyspelými členskými štátmi. Uplatňovanie tohto princípu v regionálnej politike EÚ prostredníctvom štrukturálnych fondov. Prechodné obdobia nových členských štátov, o ktoré sa EÚ...

Descrizione completa

Salvato in:
Dettagli Bibliografici
Autore principale: Báráňová-Čiderová, Denisa, 1977-
Natura: Capitolo di libro
Lingua:slovacco
Soggetti:
Tags: Aggiungi Tag
Nessun Tag, puoi essere il primo ad aggiungerne!!

MARC

LEADER 00000naa$a2200000$$$4500
001 0044352
005 20240502071523.2
041 0 |a slo 
044 |a SK 
245 1 0 |a Prechodné obdobia pre nové členské štáty po rozšírení EÚ v roku 2004 a pristupujúce štáty  |c Denisa Báráňová-Čiderová 
520 |a Jedným zo základných princípov platných v Európskej únii je tzv. princíp solidarity ekonomicky vyspelejších krajín s menej vyspelými členskými štátmi. Uplatňovanie tohto princípu v regionálnej politike EÚ prostredníctvom štrukturálnych fondov. Prechodné obdobia nových členských štátov, o ktoré sa EÚ rozšírila v roku 2004. Prechodné obdobia pristupujúcih krajín, o ktoré sa EÚ rozšíri v r. 2007, prípadne v r. 2008. 
610 2 0 |a integrácia ekonomická medzinárodná 
610 2 0 |a Európska únia 
610 2 0 |a obdobie prechodné 
610 2 0 |a politika regionálna 
610 2 0 |a pomoc rozvojová 
610 2 0 |a fondy štruktúrne 
100 1 |a Báráňová-Čiderová, Denisa, 1977-